[Event "Punta del Este Interdepartamental"]
[Site "Punta del Este"]
[Date "2019.08.24"]
[Round "3.2"]
[White "De la Torre, Andres"]
[Black "Marrero, Javier"]
[Result "0-1"]
[WhiteElo "1641"]
[BlackElo "1835"]
[PlyCount "34"]
[EventDate "2019.08.23"]
[EventType "team-swiss"]
[EventRounds "5"]
[EventCountry "URU"]
[SourceTitle "EXT 2020"]
[Source "ChessBase"]
[SourceDate "2019.10.17"]
[SourceVersion "1"]
[SourceVersionDate "2019.10.17"]
[SourceQuality "1"]
[WhiteTeam "San Jose"]
[BlackTeam "Canelones Pando"]
[WhiteTeamCountry "URU"]
[BlackTeamCountry "URU"]

1. Nf3 f5 2. d4 Nf6 3. c4 e6 4. Nc3 d5 5. e3 c6 6. Ne5 Nbd7 7. cxd5 exd5 8. Nf3 Bd6 9. Bd3 Ne4 10. h4 Ndf6 11. Bxe4 fxe4 12. Nh2 0-0 13. g4 Bxh2 14. Rxh2 Nxg4 15. Rg2 Nxf2 16. Rxf2 Qxh4 17. Qc2 Qh1+ 0-1

[Event "American Continental 14th"]
[Site "Montevideo"]
[Date "2018.06.08"]
[Round "9"]
[White "Marrero, Javier"]
[Black "Pomar, Marcelo Nascimento"]
[Result "0-1"]
[WhiteElo "1849"]
[BlackElo "2037"]
[PlyCount "54"]
[EventDate "2018.06.01"]
[EventType "swiss"]
[EventRounds "11"]
[EventCountry "URU"]
[SourceTitle "CBM 184 Extra"]
[Source "ChessBase"]
[SourceDate "2018.06.28"]
[SourceVersion "1"]
[SourceVersionDate "2018.06.28"]
[SourceQuality "1"]

1. d4 Nf6 2. c4 e6 3. Nc3 Bb4 4. e3 0-0 5. Nge2 c6 6. a3 Ba5 7. b4 Bc7 8. Ng3 a5 9. b5 d5 10. Qb3 Nbd7 11. f4 c5 12. cxd5 cxd4 13. exd4 a4 14. Qc2 Nxd5 15. Nxd5 exd5 16. Bd3 Re8+ 17. Kf2 Qf6 18. Ne2 Bb6 19. Bb2 Ne5 20. h3 Nxd3+ 21. Qxd3 Bf5 22. Qd2 Bd7 23. Rab1 Bxb5 24. Rhe1 Re4 25. g3 Rae8 26. Nc3 Qxd4+ 27. Qxd4 Bxd4+ 0-1

[Event "American Continental 14th"]
[Site "Montevideo"]
[Date "2018.06.05"]
[Round "6"]
[White "Marrero, Javier"]
[Black "Torres Acosta, Raul"]
[Result "1-0"]
[WhiteElo "1849"]
[BlackElo "1676"]
[PlyCount "107"]
[EventDate "2018.06.01"]
[EventType "swiss"]
[EventRounds "11"]
[EventCountry "URU"]
[SourceTitle "CBM 184 Extra"]
[Source "ChessBase"]
[SourceDate "2018.06.28"]
[SourceVersion "1"]
[SourceVersionDate "2018.06.28"]
[SourceQuality "1"]

1. d4 Nf6 2. c4 e5 3. dxe5 Ng4 4. Bf4 Bb4+ 5. Nd2 Qe7 6. Ngf3 Nc6 7. e3 Ngxe5 8. Nxe5 Nxe5 9. Be2 d6 10. 0-0 Bxd2 11. Qxd2 Bf5 12. c5 Rd8 13. cxd6 Rxd6 14. Qa5 Re6 15. Qxa7 0-0 16. Qxb7 g5 17. Bxe5 Rxe5 18. Rac1 g4 19. Qxc7 Qf6 20. Rc6 Qg7 21. Rc5 Rxc5 22. Qxc5 Be6 23. Qd4 Qg5 24. Rc1 Rd8 25. Qb4 h5 26. a4 h4 27. Qf4 Qxf4 28. exf4 Rd2 29. Bb5 Rxb2 30. g3 hxg3 31. hxg3 Bd5 32. Bc6 Bxc6 33. Rxc6 Ra2 34. Ra6 Kg7 35. Ra5 f6 36. Kf1 Kg6 37. Ke1 f5 38. Ra8 Kf7 39. a5 Ke7 40. a6 Kd7 41. a7 Kc7 42. Rf8 Rxa7 43. Rf7+ Kb6 44. Rxf5 Ra1+ 45. Ke2 Ra2+ 46. Kf1 Kc6 47. Rg5 Kd6 48. f5 Ra3 49. Rxg4 Kd5 50. Rf4 Ra7 51. Kg2 Ke5 52. f6 Rf7 53. f3 Rxf6 54. Rxf6 1-0

[Event "URU-chT Provinces"]
[Site "Montevideo"]
[Date "2017.08.26"]
[Round "3.2"]
[White "Guerra Guerra, Miguel"]
[Black "Marrero, Javier"]
[Result "1/2-1/2"]
[WhiteElo "1658"]
[BlackElo "1851"]
[PlyCount "111"]
[EventDate "2017.08.25"]
[EventType "team-swiss"]
[EventRounds "5"]
[EventCountry "URU"]
[SourceTitle "EXT 2019"]
[Source "ChessBase"]
[SourceDate "2018.10.10"]
[SourceVersion "1"]
[SourceVersionDate "2018.10.10"]
[SourceQuality "1"]
[WhiteTeam "Maldonado II"]
[BlackTeam "Canelones III"]
[WhiteTeamCountry "URU"]
[BlackTeamCountry "URU"]

1. d4 Nf6 2. Nf3 e6 3. g3 d5 4. Bg2 c6 5. 0-0 Bd6 6. b3 Qe7 7. Nbd2 0-0 8. c4 Nbd7 9. Bb2 b6 10. cxd5 cxd5 11. Rc1 Bb7 12. Rc2 Rac8 13. e3 Ba6 14. Re1 Bd3 15. Rxc8 Rxc8 16. Qa1 Rc2 17. Rc1 Ba3 18. Rxc2 Bxc2 19. Qc1 Bxb2 20. Qxb2 Bg6 21. Bf1 Ne4 22. Nxe4 Bxe4 23. Nd2 Bf5 24. Qc1 Qd8 25. Nf3 h5 26. Qc3 Nf6 27. Nd2 h4 28. Nf3 hxg3 29. hxg3 Ne4 30. Qc1 Qf6 31. Nd2 Ng5 32. Qc7 Be4 33. Qf4 Qxf4 34. gxf4 Nf3+ 35. Nxf3 Bxf3 36. a3 Bd1 37. b4 Bb3 38. Bd3 g6 39. Kg2 Bc4 40. Bc2 b5 41. Kg3 Kg7 42. Bd1 Bd3 43. Kh4 Kf6 44. Bg4 Bf1 45. Bd1 Bd3 46. Bg4 Bf5 47. Bd1 Ke7 48. Be2 a6 49. Bd1 f6 50. Be2 e5 51. fxe5 fxe5 52. Kg5 Ke6 53. Bd1 Bd3 54. Bg4+ Bf5 55. Bd1 Bd3 56. Bg4+ 1/2-1/2

[Event "URU-chT Provinces"]
[Site "Montevideo"]
[Date "2017.08.26"]
[Round "4.2"]
[White "Marrero, Javier"]
[Black "Perez, Cecilia Manuela"]
[Result "1-0"]
[WhiteElo "1851"]
[BlackElo "1560"]
[PlyCount "45"]
[EventDate "2017.08.25"]
[EventType "team-swiss"]
[EventRounds "5"]
[EventCountry "URU"]
[SourceTitle "EXT 2019"]
[Source "ChessBase"]
[SourceDate "2018.10.10"]
[SourceVersion "1"]
[SourceVersionDate "2018.10.10"]
[SourceQuality "1"]
[WhiteTeam "Canelones III"]
[BlackTeam "Montevideo III"]
[WhiteTeamCountry "URU"]
[BlackTeamCountry "URU"]

1. d4 e6 2. c4 f5 3. g3 Nf6 4. Bg2 c6 5. Nf3 Be7 6. 0-0 0-0 7. Nc3 d6 8. b4 Nbd7 9. Qb3 Ne4 10. Nd2 Nxc3 11. Qxc3 Bf6 12. Rb1 c5 13. Qe3 Qe7 14. bxc5 dxc5 15. dxc5 Nxc5 16. Ba3 Bd4 17. Qxd4 Rd8 18. Qe3 Qd7 19. Bxc5 Qxd2 20. Qxd2 Rxd2 21. Rfd1 Rd7 22. Rxd7 Bxd7 23. Bxb7 1-0

[Event "URU-chT Provinces"]
[Site "Montevideo"]
[Date "2017.08.25"]
[Round "1.1"]
[White "Marrero, Javier"]
[Black "Esteves, Gaston"]
[Result "1-0"]
[WhiteElo "1851"]
[BlackElo "1775"]
[PlyCount "83"]
[EventDate "2017.08.25"]
[EventType "team-swiss"]
[EventRounds "5"]
[EventCountry "URU"]
[SourceTitle "EXT 2019"]
[Source "ChessBase"]
[SourceDate "2018.10.10"]
[SourceVersion "1"]
[SourceVersionDate "2018.10.10"]
[SourceQuality "1"]
[WhiteTeam "Canelones III"]
[BlackTeam "Canelones IV"]
[WhiteTeamCountry "URU"]
[BlackTeamCountry "URU"]

1. d4 Nf6 2. c4 e6 3. Nc3 Bb4 4. e3 b6 5. Nge2 Bb7 6. a3 Bxc3+ 7. Nxc3 Ne4 8. Nxe4 Bxe4 9. f3 Bb7 10. Bd3 d6 11. 0-0 0-0 12. Qc2 h6 13. b4 Nd7 14. Bb2 e5 15. Rad1 Qe7 16. Qc3 Rae8 17. Rfe1 Qg5 18. e4 Nf6 19. c5 exd4 20. Qxd4 dxc5 21. bxc5 bxc5 22. Qc3 Rd8 23. Qa5 Bc8 24. Bc1 Qe5 25. f4 Qe6 26. e5 Nd5 27. Qxc5 Qb6 28. Qxb6 cxb6 29. Bc4 Nc3 30. Rxd8 Rxd8 31. h3 Rd1 32. Rxd1 Nxd1 33. g4 Nc3 34. Kf2 Ne4+ 35. Ke3 Bb7 36. f5 Ng5 37. h4 Nf3 38. e6 fxe6 39. fxe6 Kf8 40. a4 Nxh4 41. Ba3+ Ke8 42. Bb5+ 1-0

[Event "URU-chTB"]
[Site "Uruguay"]
[Date "2017.07.08"]
[Round "2.2"]
[White "Montoli, Sebastian"]
[Black "Marrero, Javier"]
[Result "0-1"]
[WhiteElo "1849"]
[BlackElo "1841"]
[PlyCount "142"]
[EventDate "2017.07.07"]
[EventType "team-swiss"]
[EventRounds "5"]
[EventCountry "URU"]
[SourceTitle "EXT 2018"]
[Source "ChessBase"]
[SourceDate "2017.10.13"]
[SourceVersion "1"]
[SourceVersionDate "2017.10.13"]
[SourceQuality "1"]
[WhiteTeam "Piratas Tablero II"]
[BlackTeam "LP Zwischenzug"]
[WhiteTeamCountry "URU"]
[BlackTeamCountry "URU"]

1. e4 c5 2. Nc3 e6 3. Nf3 Nc6 4. d4 cxd4 5. Nxd4 Qc7 6. Ndb5 Qb8 7. g3 a6 8. Nd4 Nf6 9. Bg2 Qc7 10. a3 Bc5 11. Nb3 Ba7 12. Bf4 e5 13. Bg5 Ne7 14. Qf3 Neg8 15. 0-0 h6 16. Be3 Bxe3 17. Qxe3 d6 18. Rad1 Be6 19. h3 Rd8 20. Rd2 Ne7 21. Rfd1 0-0 22. f4 Nc8 23. f5 Bc4 24. g4 Rd7 25. Bf3 Rfd8 26. g5 hxg5 27. Qxg5 Nh7 28. Qh4 f6 29. Bh5 Qb6+ 30. Kh2 Qe3 31. Re1 Qg5 32. Qxg5 Nxg5 33. h4 Nf7 34. Rg1 Nh8 35. Nd5 Bxd5 36. Rxd5 Nb6 37. Rd3 d5 38. exd5 Rxd5 39. Rdg3 R8d7 40. Be8 Re7 41. Bh5 Nc4 42. Bf3 e4 43. Be2 Nd2 44. Rd1 Red7 45. Nxd2 Rxd2 46. Rxd2 Rxd2 47. Re3 Rxc2 48. Rxe4 Kf8 49. Kg3 Nf7 50. Bh5 Rxb2 51. Rc4 Rb3+ 52. Kf4 Ne5 53. Rc8+ Ke7 54. Rg8 Rh3 55. Rxg7+ Kd6 56. Be2 Rxh4+ 57. Kg3 Re4 58. Kf2 Kc6 59. Bf3 Nxf3 60. Kxf3 Rd4 61. Ke3 Rd6 62. Rg8 b5 63. Ra8 Kb7 64. Re8 a5 65. Re7+ Kb6 66. Re4 Kc5 67. Rf4 Rd5 68. a4 b4 69. Rf2 Kc4 70. Ke4 Re5+ 71. Kf4 Kb3 0-1

[Event "URU-ch sf"]
[Site "Montevideo"]
[Date "2017.02.25"]
[Round "2"]
[White "Marrero, Javier"]
[Black "Vazquez, Facundo"]
[Result "1/2-1/2"]
[WhiteElo "1838"]
[BlackElo "1614"]
[PlyCount "96"]
[EventDate "2017.02.24"]
[EventType "swiss"]
[EventRounds "8"]
[EventCountry "URU"]
[SourceTitle "CBM 177 Extra"]
[Source "ChessBase"]
[SourceDate "2017.04.27"]
[SourceVersion "1"]
[SourceVersionDate "2017.04.27"]
[SourceQuality "1"]

1. d4 Nf6 2. c4 g6 3. Nc3 Bg7 4. e4 d6 5. h3 0-0 6. Nf3 e5 7. d5 a5 8. Be2 Na6 9. g3 Nc5 10. Qc2 h5 11. Bg5 Qe8 12. 0-0-0 Nh7 13. Be3 b6 14. Nh4 f5 15. f3 f4 16. gxf4 exf4 17. Bd4 Bxd4 18. Rxd4 g5 19. Ng2 Qe5 20. Rdd1 Bd7 21. Nb5 Bxb5 22. cxb5 Rf7 23. Ne1 Raf8 24. Nd3 Nxd3+ 25. Bxd3 Nf6 26. Rdg1 Rg7 27. Kb1 h4 28. Rh2 Nh5 29. Rc1 Ng3 30. Qc3 Qxc3 31. Rxc3 Re7 32. Rhc2 Rff7 33. a4 Kg7 34. b4 axb4 35. Rb3 Rf8 36. Rxb4 Ra8 37. Ra2 Ra5 38. Kb2 Kf6 39. Kb3 Nh5 40. Rc4 Ng7 41. Rac2 Ne8 42. Rc6 Ke5 43. R6c4 Rg7 44. Rg2 Kf6 45. Kc3 Ke5 46. Kb4 Nf6 47. Rgc2 Ne8 48. Rg2 Nf6 1/2-1/2

[Event "URU-chT Clubs"]
[Site "Punta del Este"]
[Date "2014.08.24"]
[Round "3.11"]
[White "Marrero, Javier"]
[Black "De Leon, Patricia O"]
[Result "0-1"]
[WhiteElo "1853"]
[BlackElo "1921"]
[PlyCount "118"]
[EventDate "2014.08.23"]
[EventType "team-swiss"]
[EventRounds "5"]
[EventCountry "URU"]
[SourceTitle "EXT 2017"]
[Source "ChessBase"]
[SourceDate "2016.10.25"]
[SourceVersion "1"]
[SourceVersionDate "2016.10.25"]
[SourceQuality "1"]

1. d4 f5 2. g3 Nf6 3. Bg2 e6 4. c4 d5 5. Nh3 c6 6. Nc3 Bd6 7. Bf4 0-0 8. 0-0 Ne4 9. Qc2 Na6 10. a3 Nc7 11. Bxd6 Nxd6 12. c5 Nf7 13. f4 Nh6 14. Nf2 Ne8 15. b4 Nf6 16. Qd3 Bd7 17. a4 Qe8 18. Ra2 Nhg4 19. h3 Nxf2 20. Rxf2 Kh8 21. Rb2 Rg8 22. b5 g5 23. bxc6 Bxc6 24. e3 Qg6 25. Ne2 h5 26. Kf1 a6 27. Bh1 Rg7 28. Rg2 Bxa4 29. Nc3 Bc6 30. Ke1 Rag8 31. Na2 Qh6 32. Nc3 h4 33. Qf1 hxg3 34. Rxg3 Qh4 35. Qf2 Nh5 36. Rxg5 Qxf2+ 37. Kxf2 Rxg5 38. fxg5 Rxg5 39. Bf3 Nf6 40. Na2 Ne4+ 41. Bxe4 fxe4 42. Nb4 Bb5 43. Nc2 Rf5+ 44. Kg3 Rf3+ 45. Kg2 Kg7 46. Rb3 Kf6 47. Rc3 Bf1+ 48. Kg1 Bb5 49. Kg2 Kg5 50. Na3 Bc6 51. Nb1 Kh4 52. Nd2 Rg3+ 53. Kf2 Kxh3 54. Nf1 Rg2+ 55. Ke1 Bb5 56. Rc1 Rg1 57. Kf2 Rxf1+ 58. Rxf1 Bxf1 59. Kxf1 Kg3 0-1

[Event "URU pre olympic"]
[Site "Punta del Este"]
[Date "2014.06.22"]
[Round "5"]
[White "Rey, Fernando"]
[Black "Marrero, Javier"]
[Result "1/2-1/2"]
[WhiteElo "1606"]
[BlackElo "1866"]
[PlyCount "106"]
[EventDate "2014.06.20"]
[EventType "swiss"]
[EventRounds "5"]
[EventCountry "URU"]
[SourceTitle "EXT 2018"]
[Source "ChessBase"]
[SourceDate "2017.10.13"]
[SourceVersion "1"]
[SourceVersionDate "2017.10.13"]
[SourceQuality "1"]

1. e4 c5 2. Nc3 e6 3. g3 Nc6 4. Bg2 g6 5. d3 Bg7 6. Be3 d6 7. Qd2 Bd7 8. Nge2 Rb8 9. 0-0 Nd4 10. Nd1 Ne7 11. c3 Nxe2+ 12. Qxe2 0-0 13. Qd2 Bc6 14. Bh6 b5 15. Bxg7 Kxg7 16. d4 Qb6 17. Ne3 Qb7 18. d5 exd5 19. exd5 Bd7 20. h4 h5 21. Rfe1 Nf5 22. Nxf5+ Bxf5 23. Be4 Qd7 24. Qf4 Rfe8 25. Bxf5 Qxf5 26. Qxd6 Rec8 27. Qe5+ Qxe5 28. Rxe5 Re8 29. Rae1 Rxe5 30. Rxe5 Kf8 31. Kg2 Rd8 32. d6 Rxd6 33. Rxc5 a6 34. a4 bxa4 35. Ra5 Rb6 36. Rxa4 Rxb2 37. Rxa6 Rc2 38. Rc6 Ke7 39. Rc7+ Ke6 40. c4 Rc3 41. c5 Rd3 42. Rc6+ Kd7 43. Rf6 Ke7 44. Ra6 Rd5 45. Ra7+ Rd7 46. Ra1 Rc7 47. Rc1 Ke6 48. c6 Kd6 49. Kf3 Rxc6 50. Rxc6+ Kxc6 51. Kf4 f6 52. f3 Kd6 53. Ke4 Ke6 1/2-1/2

[Event "URU pre olympic"]
[Site "Punta del Este"]
[Date "2014.06.20"]
[Round "1"]
[White "Larrea, Manuel"]
[Black "Marrero, Javier"]
[Result "1-0"]
[WhiteElo "2345"]
[BlackElo "1866"]
[PlyCount "55"]
[EventDate "2014.06.20"]
[EventType "swiss"]
[EventRounds "5"]
[EventCountry "URU"]
[SourceTitle "EXT 2018"]
[Source "ChessBase"]
[SourceDate "2017.10.13"]
[SourceVersion "1"]
[SourceVersionDate "2017.10.13"]
[SourceQuality "1"]

1. e4 c5 2. Nf3 e6 3. c3 Nf6 4. e5 Nd5 5. d4 cxd4 6. cxd4 Nc6 7. Bc4 d6 8. 0-0 Be7 9. Qe2 dxe5 10. dxe5 Nb6 11. Bd3 Nd7 12. Nc3 Nc5 13. Bc2 a6 14. a3 b5 15. b4 Nd7 16. Rd1 Qc7 17. Bf4 Bb7 18. Rac1 Nb6 19. Ne4 0-0 20. Neg5 g6 21. Bb3 Rfd8 22. h4 Rxd1+ 23. Rxd1 Rd8 24. Rc1 Nd5 25. Bd2 Qb6 26. Qe4 h6 27. Nxe6 fxe6 28. Qxg6+ 1-0

[Event "Montevideo zt 2.5"]
[Site "Montevideo"]
[Date "2013.04.25"]
[Round "9"]
[White "Marrero, Javier"]
[Black "Arias Bouzada, Jorge"]
[Result "0-1"]
[WhiteElo "1881"]
[BlackElo "2131"]
[PlyCount "58"]
[EventDate "2013.04.19"]
[EventType "swiss"]
[EventRounds "9"]
[EventCountry "URU"]
[SourceTitle "CBM 154 Extra"]
[Source "ChessBase"]
[SourceDate "2013.06.25"]
[SourceVersion "2"]
[SourceVersionDate "2013.06.25"]
[SourceQuality "1"]

1. d4 c5 2. d5 e5 3. e4 d6 4. Nc3 g6 5. f4 Bg7 6. Nf3 Bg4 7. Be2 Bxf3 8. Bxf3 Nd7 9. Bg4 exf4 10. Bxd7+ Qxd7 11. Bxf4 Nf6 12. 0-0 0-0 13. Qd2 Ng4 14. a4 a6 15. a5 Rae8 16. Rae1 Bd4+ 17. Kh1 f5 18. h3 Ne5 19. b3 Bxc3 20. Qxc3 fxe4 21. Bh6 Rf5 22. Rf4 Rh5 23. Rfxe4 Rxh6 24. Qe3 Rh5 25. g4 Rh4 26. Kg2 Qg7 27. Qg5 Qh6 28. Qxh6 Rxh6 29. Kg3 g5 0-1

[Event "URU-chT"]
[Site "Paysandu"]
[Date "2012.08.04"]
[Round "3.1"]
[White "Marrero, Javier"]
[Black "Fuentes, Fabian"]
[Result "0-1"]
[WhiteElo "1907"]
[BlackElo "2009"]
[PlyCount "116"]
[EventDate "2012.08.03"]
[EventType "team-swiss"]
[EventRounds "5"]
[EventCountry "URU"]
[SourceTitle "CBM 149 Extra"]
[Source "ChessBase"]
[SourceDate "2012.08.24"]
[SourceVersion "1"]
[SourceVersionDate "2012.08.24"]
[SourceQuality "1"]

1. d4 Nf6 2. Bg5 e6 3. Nf3 d5 4. c3 c5 5. e3 Be7 6. Bd3 Qb6 7. Qc1 0-0 8. Nbd2 Nc6 9. Ne5 Re8 10. 0-0 Nxe5 11. dxe5 Nd7 12. Bf4 g5 13. Bg3 Nf8 14. Rb1 a5 15. Qd1 f5 16. exf6 Bxf6 17. Qh5 Re7 18. Kh1 Bd7 19. e4 Be8 20. Qh6 Bg6 21. f4 g4 22. f5 exf5 23. exf5 Bf7 24. Rf4 Nd7 25. Bh4 c4 26. Rxg4+ Kh8 27. Bxf6+ Qxf6 28. Qf4 cxd3 29. Rg3 Rae8 30. Rxd3 Re1+ 31. Rxe1 Rxe1+ 32. Nf1 Qe5 33. Qf2 Nf6 34. h3 Qe2 35. Kg1 Qxf2+ 36. Kxf2 Ra1 37. a3 Ra2 38. g4 Rxb2+ 39. Ke3 Rb3 40. a4 Ne4 41. Kd4 Ra3 42. Nd2 Rxa4+ 43. Ke3 Nxd2 44. Rxd2 Rc4 45. Kd3 b5 46. Kc2 b4 47. Re2 Rxc3+ 48. Kb2 Rxh3 49. Re7 Kg7 50. Ra7 Rg3 51. Rxa5 Rxg4 52. Rb5 h5 53. Rc5 Kf6 54. Rc7 h4 55. Rc2 h3 56. Kb3 Kxf5 57. Rf2+ Rf4 58. Rh2 Kg4 0-1

[Event "Latin Cup"]
[Site "Montevideo"]
[Date "2011.11.04"]
[Round "6"]
[White "Belbey, Juan J"]
[Black "Marrero, Javier"]
[Result "0-1"]
[WhiteElo "1672"]
[BlackElo "1924"]
[PlyCount "80"]
[EventDate "2011.11.01"]
[EventType "swiss"]
[EventRounds "9"]
[EventCountry "URU"]
[SourceTitle "EXT 2012"]
[Source "ChessBase"]
[SourceDate "2011.11.24"]
[SourceVersion "1"]
[SourceVersionDate "2011.11.24"]
[SourceQuality "1"]

1. d4 f5 2. Nf3 Nf6 3. Bg5 e6 4. Nbd2 d5 5. c3 Bd6 6. Ne5 Nbd7 7. f4 0-0 8. e3 Qe8 9. Ndf3 Ne4 10. Bh4 Ndf6 11. Ng5 Nxg5 12. Bxg5 c6 13. Be2 Nd7 14. Nf3 Kh8 15. 0-0 a5 16. Nh4 Be7 17. Bh5 Qd8 18. Bg6 Bxg5 19. Qh5 Bh6 20. Bxh7 Kxh7 21. Ng6 Rf6 22. Nh4 Nf8 23. Rae1 Bd7 24. Nf3 Be8 25. Qh3 Kg8 26. Kh1 Nh7 27. Ne5 Kf8 28. Qf3 g5 29. g4 gxf4 30. exf4 fxg4 31. Qxg4 Qe7 32. f5 Qg7 33. Ng6+ Bxg6 34. fxg6 Ng5 35. h4 Ne4 36. Rxf6+ Qxf6 37. Kg2 Kg7 38. Kh2 Qf2+ 39. Kh3 Qxe1 40. Qxe6 Qg3# 0-1

[Event "Latin Cup"]
[Site "Montevideo"]
[Date "2011.11.03"]
[Round "3"]
[White "Marrero, Javier"]
[Black "Nunez, Hiber"]
[Result "0-1"]
[WhiteElo "1924"]
[BlackElo "1865"]
[PlyCount "76"]
[EventDate "2011.11.01"]
[EventType "swiss"]
[EventRounds "9"]
[EventCountry "URU"]
[SourceTitle "EXT 2012"]
[Source "ChessBase"]
[SourceDate "2011.11.24"]
[SourceVersion "1"]
[SourceVersionDate "2011.11.24"]
[SourceQuality "1"]

1. e4 e6 2. d3 d5 3. Nd2 Nf6 4. Ngf3 c5 5. g3 Nc6 6. Bg2 Be7 7. 0-0 0-0 8. Re1 b5 9. e5 Nd7 10. Nf1 Bb7 11. h4 h6 12. N1h2 Qc7 13. Bf4 d4 14. Ng4 Rfe8 15. h5 Nb6 16. Qd2 Bf8 17. Nf6+ gxf6 18. exf6 Qd8 19. Ne5 Nd5 20. Bxh6 Qxf6 21. Ng4 Qf5 22. Bxf8 Qxg4 23. Re4 Qxh5 24. Rh4 Qg6 25. Rh6 Rxf8 26. Rxg6+ fxg6 27. Bxd5 exd5 28. Qg5 Kg7 29. Re1 Rf5 30. Qc1 Ne5 31. Kg2 Rh8 32. f4 Ng4 33. Rh1 Ne3+ 34. Kf3 Rxh1 35. Qxh1 Rh5 36. Qc1 Bc8 37. f5 Rxf5+ 38. Ke2 Rf1 0-1